| 000 | 00441nam a22001817a 4500 | ||
|---|---|---|---|
| 003 | LK-CoMWRAF | ||
| 005 | 20231222094256.0 | ||
| 008 | 231222b1988 |||||||| |||| 00| 0 eng d | ||
| 040 |
_aLK-CoMWRAF _dLK-CoMWRAF _eLK-CoMWRAF |
||
| 041 | _aeng | ||
| 082 |
_a150 _bGAF |
||
| 100 | _aGafoor, M.S. | ||
| 245 | _aThe psychology of dynamic living | ||
| 260 |
_aColombo: _bAuthor, _c1988 |
||
| 300 | _a101 p. | ||
| 650 | _aPSYCHOLOGY | ||
| 942 | _cBK | ||
| 999 |
_c4543 _d4543 |
||